000
00307nam a2200109Ia 4500
008
171204s9999 xx 000 0 und d
245
_a
Old Hotel New Face:
245
_c
Yan, Orange
260
_c
2014
650
_x
Front Office Operation & Management
856
_u
http://down.ebook777.com/051/9881545277.pdf
999
_c
346694
_d
346694